| 000 | 00438nam a2200181Ia 4500 | ||
|---|---|---|---|
| 001 | 18288 | ||
| 005 | 20260306171619.0 | ||
| 008 | 260306s9999||||xx |||||||||||||| ||und|| | ||
| 041 | _aESP | ||
| 082 |
_a658.402 _bM511 |
||
| 100 |
_aMababu Mukiur, Richard _eAUT |
||
| 245 | 0 | _aOrganización y métodos de trabajo | |
| 260 | _c2012 | ||
| 300 |
_a279 páginas : _c30 cm. |
||
| 650 | _aGEN | ||
| 654 | _aCAN | ||
| 942 |
_cLIB _dJUS _fJUS _2ddc _n |
||
| 999 |
_c18288 _d18288 |
||